|
|
|
|
| LEADER |
00988pam a22002778a 4500 |
| 001 |
00025761 |
| 005 |
20171026081023.0 |
| 008 |
110811s2007 ||||||viesd |
| 020 |
|
|
|c 25000
|
| 041 |
0 |
# |
|a vie
|
| 082 |
1 |
4 |
|a 336.200 76
|b C125H
|
| 100 |
1 |
# |
|a Lê Xuân Trường
|
| 245 |
1 |
0 |
|a Câu hỏi và bài tập môn thuế
|c Lê Xuân Trường, Vương Thị Thu Hiền ch.b
|
| 260 |
# |
# |
|a H.
|b Tài chính
|c 2007
|
| 300 |
# |
# |
|a 223 tr.
|b bảng
|c 21 cm.
|
| 500 |
# |
# |
|a ĐTTS ghi: Học viện Tài chính
|
| 650 |
# |
4 |
|a Bài tập
|
| 650 |
# |
4 |
|a Thuế
|
| 650 |
# |
4 |
|a Giáo trình
|
| 650 |
# |
4 |
|a Câu hỏi
|
| 700 |
1 |
# |
|a Vương Thị Thu Hiền
|
| 852 |
# |
# |
|j KM.0011863
|j KM.0007382
|j KD.0010640
|j KM.0007250
|j KM.0007383
|
| 852 |
# |
# |
|b Kho đọc
|j KD.0010640
|
| 852 |
# |
# |
|b Kho mượn
|j KM.0007250, KM.0011863, KM.0007383, KM.0007382
|
| 910 |
|
|
|d 11/08/2011
|
| 980 |
# |
# |
|a Trung tâm Học liệu Lê Vũ Hùng, Trường Đại học Đồng Tháp
|